Psychology

Salvato in:
Dettagli Bibliografici
Autore principale: Wortman, Camille B.
Altri autori: Loftus, Elizabeth F., Marshall, Mary E.
Natura: Libro
Lingua:inglese
Pubblicazione: New York Knopf 1988
Edizione:3. ed.
Soggetti:
Tags: Aggiungi Tag
Nessun Tag, puoi essere il primo ad aggiungerne!!

MARC

LEADER 00000nam a2200000 4500
001 c002150
005 20221219121208.1
020 |a 0-394-36537-2 
041 0 |a eng 
044 |a US 
245 1 0 |a Psychology  |c Camille B. Wortman, Elizabeth F. Loftus, Mary E. Marshall 
250 |a 3. ed. 
264 1 |a New York  |b Knopf  |c 1988 
300 |a 622 s. 
610 2 0 |a psychológia 
610 2 0 |a správanie 
610 2 0 |a informácie 
610 2 0 |a osobnosť 
610 2 0 |a rozvoj sociálny 
610 2 0 |a motivácia 
610 2 0 |a psychológia sociálna 
610 2 0 |a zdravie 
100 1 |a Wortman, Camille B. 
700 1 |a Loftus, Elizabeth F. 
700 1 |a Marshall, Mary E.